1140 1728 1107 1959 1970 1462 1598 1987 1587 1608 1398 1952 1783 1868 1505 1710 1558 1719 1207 1957 1655 1297 1872 1233 1531 1880 1576 1219 1130 1402 1529 1281 1549 1753 1677 1934 1127 1583 1515 1458 1657 1976 1168 1591 1281 1936 1104 1898 1217 1410 1359 1224 1574 1486 1624 1134 1281 1512 1304 1749 1095 1396 1901 1853 1944 1011 1605 1790 1042 1268 1221 1947 1512 1953 1561 1403 1385 1856 1092 1404 1971 1339 1650 1755 1406 1359 1425 1129 1765 1755 1784 1983 1957 1455 1547 1085 1273 1093 1554 BCNSPRNW ULIB Ver.6.0+V

เปลี่ยนเป็นภาษาไทย

Change to English
 แสดงรายละเอียดบรรณานุกรม
  กลับหน้าหลัก

Brief Record : Get Marc (ISO 2709) : E-mail record : QR code < ปิดหน้าต่าง
LEADER : 00000nam 2200000uu 4500
001    13399123213
003     ULIB
008    020711s2551 th a 000 0 tha d
020    9789740677864
090    นว.^bก635ร
100    กิ่งพยอม
245    รักก้นขวิดพิชิตใจเธอ /^cกิ่งพยอม
250    พิมพ์ครั้งที่ 1
260    กรุงเทพฯ :^bนกฮูก,^c2551
300    287 หน้า;^b21 ซม.
710    นกฮูก
945    ^p0^l0^i20349
999    ^aทศพร เกษรทอง
รายการนี้ยังไม่มีแท็ก
คุณยังไม่ได้ล็อกอิน คุณสามารถมีกิจกรรมร่วมกับเว็บไซต์ได้ แต่ต้องล็อกอินก่อน ::
  ล็อกอิน

รายการสื่อสารสนเทศ

ลำดับที่ ประเภท เลขเรียก/บาร์โค้ด สถานที่ สถานะ
1. นวนิยาย
นวนิยาย
นว. ก635ร ฉ.1 
  Barcode: 20349
ห้องสมุดวิทยาเขตนครสวรรค์
►นวนิยาย:l:Fiction
บนชั้น

รายการใกล้เคียง
    ผู้แต่ง [กิ่งพยอม]

BibComment


ยังไม่เคยถูกคอมเมนท์

คอมเมนท์ทรัพยากรรายการนี้
  คอมเมนท์: รักก้นขวิดพิชิตใจ..


 Copyright 2026. Bcnsprnw @Library